00955cam 2200265 4500001000800000005001700008008004100025035002100066906004500087010001700132020001500149040001800164050002100182082000800203100003900211245013100250260006200381300001900443440004500462490003100507504004100538650003800579991004700617099002500664359961519850814000000.0701124t19701955nyu b 001 0 eng  9(DLC) 70117860 a7bcbccorignewd2encipf19gy-gencatlg a 70117860  a0836918584 aDLCcDLCdDLC00aB804.A1bW5 197000a1901 aWhite, Morton Gabriel,d1917-eed.14aThe age of analysis;btwentieth century philosophers,cselected, with an introd. and interpretive commentary, by Morton White. aFreeport, N.Y.,bBooks for Libraries Pressc[1970, c1955] a253 p.c23 cm. 4aThe Great ages of Western philosophy,v60 aEssay index reprint series aIncludes bibliographical references. 0aPhilosophy, Moderny20th century. bc-GenCollhB804.A1iW5 1970tCopy 1wBOOKS awhite-age-1072036141